| 000 | 00457nam a22001937a 4500 | ||
|---|---|---|---|
| 003 | OSt | ||
| 005 | 20180116183021.0 | ||
| 008 | 151119b xxu||||| |||| 00| 0 eng d | ||
| 020 | _a9780006178323 | ||
| 040 | _c0 | ||
| 082 | _a813.54 JAK 1974 | ||
| 100 | _aJohn Jakes | ||
| 245 |
_aCalifornia Gold _cJohn Jakes |
||
| 260 |
_aChicago _bFontana _c1974 |
||
| 300 |
_a910 p. _bPB. |
||
| 440 | _aCalifornia Gold | ||
| 600 | _aJohn Jakes | ||
| 942 |
_2ddc _cBK |
||
| 999 |
_c350590 _d350590 |
||